Guin-̌Bissau, Colectńea de Legislaȯ́ Administrativa

Detalles Bibliográficos
Autor Corporativo: Associaȯ́ Acadm̌ica da Faculdade de Direito de Lisboa
Otros Autores: Marcos Carvalho, Ana Clùdia (comp), Nora, Madalena (comp)
Formato: Desconocido
Lenguaje:portugués
Publicado: Lisboa : AAFDL, 2007
Acceso en línea:Acceso restringido

MARC

LEADER 00000ny a22000003n 4500
005 20110622103031.0
008 080821s2007 po s 000 0 por d
035 |a 2169 
040 |a UMA.RE  |d vLex 
080 |a 342.9(665.7)(0.034):340.134 
090 |c 983  |d 983 
245 0 0 |a Guin-̌Bissau, Colectńea de Legislaȯ́ Administrativa  |h [Recurso electrn̤ico]  |c Madalena Nora, Ana Clùdia Marcos Carvalho,[compiladoras] 
256 |a Servicio en ln̕ea 
260 |a Lisboa :  |b AAFDL,  |c 2007 
506 1 |a Contenido solo disponible en los productos indicados  |d vLex Global  |d vLex Global (Academic Edition, excluding Law Schools)  |d vLex Global (U.S. Academic Edition, Law Schools)  |d vLex Global (U.S. Academic Edition, excluding Law Schools)  |d vLex Global (Academic Edition, Law Schools) 
700 1 |a Marcos Carvalho, Ana Clùdia  |e comp 
700 1 |a Nora, Madalena  |e comp 
710 2 |a Associaȯ́ Acadm̌ica da Faculdade de Direito de Lisboa 
740 0 |a vLex Libros (Servicios en ln̕ea) 
856 4 0 |z Acceso restringido  |u http://vlex.com/source/2169 
942 |c BOOK 
999 0 4 |a Derecho Administrativo  |z Guinea-Bissau  |v En ln̕ea 
999 0 4 |a Guinea-Bissau  |v En ln̕ea